000 00704cam a2200229 a 4500
001 000007804
005 20200929154313.0
008 800619s1980 sp a 000 1 spa d
020 _a8432203645
040 _aDO-SdBNP
_cDLC
_dDLC
082 _aCh863.44
_bD687m
100 1 _aDonoso, José,
_d1924-1996
_921513
245 1 3 _aLa misteriosa desaparición de la marquesita de Loria /
_cJosé Donoso.
260 _aBarcelona :
_bSeix Barral,
_c1980.
300 _a198 p. :
_bil. ;
_c20 cm.
490 1 _aBiblioteca Breve ;
_v459
650 4 _aNovela chilena
_93163
650 4 _aLiteratura chilena
_93164
830 0 _aBiblioteca Breve ;
_v459
_913442
910 _aCatalogación derivada / LC
910 _aWM
999 _c7582
_d7582